000
00210nam a2200097 a 4500
005
20140414132008.0
008
110223s19uu xx 00 eng d
050
_a
VCD
_b
R55
245
_a
Robots.
999
_c
113202
_d
113202